Представление документа в формате RUSMARC

ПолеНазваниеЗначение
  Тип записи a
  Библиографический уровень m
001 Контрольный номер UONB/MAIN/5e0ef9ea77254068a94348eeaa642990
005 Дата корректировки 20260512092538.2
010 Индекс ISBN __
b Уточнения в пер.
9 Тираж 10000 экз.
100 Данные общей обработки __
a Данные общей обработки 20260512d1984 u u0rusy0189 ca
101 Язык документа 0_
a Язык текста rus
102 Страна публикации __
a Страна публикации RU
105 Кодированные данные (монография) __
a Кодированные данные (монография) a z 000yy
200 Заглавие и сведения об ответственности 1_
a Заглавие Цветные глаза Земли
f Первые сведения об ответственности Ю. Е. Яровой
203 Вид содержания и тип средства __
a Вид содержания Текст
b Характеристика содержания визуальный
c Тип средства непосредственный
210 Выходные данные 1_
a Место издания Челябинск
c Издательство Южно-Уральское книжное издательство
d Дата издания 1984
215 Физическое описание __
a Объем 238 с.
c Иллюстрации/тип воспроизводства ил., цв. ил.
d Формат 28 см
606 Тематические рубрики 0_
a Основная рубрика Самоцветы (минералог.)
610 Ключевые слова 0_
a Ключевые слова самоцветы (минералог.); минералы и горные породы; самоцветные камни; камни драгоценные; камни полудрагоценные
675 Индекс УДК __
a Индекс УДК 552.29
686 Индексы других классификаций __
a Классификационный индекс 85.125.7
2 Код системы rubbk
686 Индексы других классификаций __
a Классификационный индекс 26.302
2 Код системы rubbk
700 Автор _1
a Фамилия Яровой
b Имя (инициалы) Ю. Е.
g Полное личное имя Юрий Евгеньевич
801 Источник записи _0
a Страна RU
b Организация Ульяновская ОНБ
c Дата составления 20260512
g Правила каталогизации RCR
801 Источник записи _1
a Страна RU
b Организация Ульяновская ОНБ
c Дата составления 20260512
g Правила каталогизации RCR
901 Тип документа __
t Тип документа m
909 Создатель записи __
a Создатель записи Седова
b Дата создания записи 20260512